| 000 | 00000nam##2200000za#4500 |
| 001 | 9.642057 |
| 003 | CaOODSP |
| 005 | 20241210082340 |
| 007 | cr ||||||||||| |
| 008 | 150407|1996||||xxc|||||o f|0| 0 fre|d |
| 040 | |aCaOODSP|bfre |
| 043 | |an-cn--- |
| 086 | 1 |aFB1-1995F-PDF |
| 110 | 2 |aBanque du Canada. |
| 245 | 10|aRapport annuel du gouverneur au ministre des Finances et relevé de comptes pour l'année 1995 |h[ressource électronique] |
| 260 | |aOttawa - Ontario : |bBanque du Canada |c1996. |
| 300 | |a42p. |
| 590 | |a13-15-Supp|b2013-06-24 |
| 775 | 08|tAnnual report of the Governor to the Minister of Finance and statement of accounts for the year 1995 |w(CaOODSP)9.698061 |
| 856 | 40|ahttp://publications.gc.ca|qPDF|s355 Ko|uhttps://publications.gc.ca/collections/Collection/FB1-1995F.pdf |